แสดงรายละเอียดบรรณานุกรม
  กลับหน้าหลัก

Brief Record : Get Marc (ISO 2709) : E-mail record : QR code ปิดหน้าต่าง
หนังสืออ้างอิง : เกี่ยวกับ Collections
LEADER 00000nam 2200000uu 4500
001    211891
003     ULIBM
008    020711s2560 th a 000 0 tha d
020    9786163990556
050    อ DS 578.32.S57 จ567 2560
245    7 รอบ พระชนมพรรษา พระบรมราชินีนาถคู่พระบารมี/^bจัดทำโดยคณะกรรมการจัดทำหนังสือที่ระลึกเฉลิมพระเกียรติพระบาทสมเด็จพระเจ้าอยู่หัว เนื่องในโอกาสการจัดงานฉลองสิริราชสมบัติ 70 ปี และเฉลิมพระเกียรติสมเด็จพระนางเจ้าสิริกิติ์ พระบรมราชินีนาถ เนื่องในโอกาสพระราชพิธีมหามงคลเฉลิมพระชนมพรรษา 7 รอบ 12 สิงหาคม 2559
250    พิมพ์ครั้งที่ 1
260    กรุงเทพฯ :^bสำนักงานเลขาธิการสภาผู้แทนราษฎร,^c2560
300    250 หน้า :^bภาพประกอบ ;^c30 ซม.
650  4 สิริกิติ์ พระบรมราชินีนาถ,สมเด็จพระนางเจ้า,2475^xพระราชประวัติ
650  4 ^aสิริกิติ์ พระบรมราชินีนาถ,สมเด็จพระนางเจ้า,2475^xพระราชกรณียกิจ
710 2  ^aสำนักงานเลขาธิการสภาผู้แทนราษฎร
999    ^aใช้งานได้ทุกระบบ
รายการนี้ยังไม่มีแท็ก
คุณยังไม่ได้ล็อกอิน คุณสามารถมีกิจกรรมร่วมกับเว็บไซต์ได้ แต่ต้องล็อกอินก่อน ::
  ล็อกอิน
ลำดับที่ ประเภท เลขเรียก สถานที่ สถานะ
1. หนังสืออ้างอิง
หนังสืออ้างอิง
อ DS 578.32.S57 จ567 2560  
  
ชั้นหนังสืออ้างอิง On Shelf
   [แสดง 1/1 รายการ]

BibComment


ยังไม่เคยถูกคอมเมนท์

คอมเมนท์ทรัพยากรรายการนี้
  คอมเมนท์: 7 รอบ พระชนมพรรษา..
Bib 211891

 
 
 

 Union Library Management : ULibM
Copyright 2026. All Rights Reserved.
скачать бесплатно без регистрации порно красивый секс HD Sex Hindi sex

xxx gou

xxxx

bfxxx

xxxwww

Секса Видео

xxxx

Секса Видео

detube

geilexxx

C99 Shell

worms shell

blod xxx video
Ebony Coed Rihanna Rimes Takes A Dick In Her Young Twat priyaa indian fuck anal and pusssy hardcore indian women xxx desi hardcore fucking part 1 bengalixxxcouple